000 00523nam a2200181Ia 4500
999 _c34030
_d34030
003 OSt
005 20200827110932.0
008 190216s9999||||xx |||||||||||||| ||und||
020 _a9788173715600
040 _coclc
082 _a530.15
_bJOG/M
100 _aJoglekar, S D
_94384
245 0 _aMathematical Physics :
_bAdvanced Topics /
_cS D Joglekar
260 _bUniversities Press,
_aHyderbad:
_c2006.
300 _a253p
650 _aPhysics
942 _cBK
_2ddc
_h530.15
_iJOG/M
_k530.15
_mJOG/M